[Event "Pavlodar op"]
[Site "Pavlodar"]
[Date "2012.12.01"]
[Round "3"]
[White "Temirov, Bakhyt"]
[Black "Shanava, Konstantine"]
[Result "0-1"]
[WhiteElo "2308"]
[BlackElo "2565"]
[PlyCount "72"]
[EventDate "2012.11.30"]
[EventType "swiss"]
[EventRounds "10"]
[EventCountry "KAZ"]
[SourceTitle "EXT 2014"]
[Source "ChessBase"]
[SourceDate "2013.11.20"]
[SourceVersion "1"]
[SourceVersionDate "2013.11.20"]
[SourceQuality "1"]

1. d4 d6 2. c4 g6 3. Nc3 Bg7 4. Nf3 Bg4 5. e3 Nf6 6. Be2 0-0 7. 0-0 c6 8. h3 Bf5 9. Bd3 Bxd3 10. Qxd3 Nbd7 11. e4 e5 12. Bg5 exd4 13. Qxd4 h6 14. Bh4 g5 15. Bg3 Nd5 16. Qd1 Nxc3 17. bxc3 Re8 18. Qxd6 Bf8 19. Qd4 Bc5 20. Qd1 Nf6 21. Be5 Qxd1 22. Raxd1 Nxe4 23. Rd7 b6 24. Bd4 Bf8 25. Re1 f5 26. Kf1 Re6 27. g4 Rae8 28. Kg2 fxg4 29. hxg4 R6e7 30. Rxe7 Rxe7 31. Be5 Nc5 32. Rd1 Rd7 33. Rh1 Nd3 34. Bb8 c5 35. a4 Bg7 36. Kg3 Rb7 0-1

[Event "Dubai op 14th"]
[Site "Dubai"]
[Date "2012.04.21"]
[Round "7"]
[White "Sokolov, Ivan"]
[Black "Temirov, Bakhyt"]
[Result "1-0"]
[WhiteElo "2653"]
[BlackElo "2322"]
[PlyCount "125"]
[EventDate "2012.04.15"]
[EventType "swiss"]
[EventRounds "9"]
[EventCountry "UAE"]
[SourceTitle "CBM 148 Extra"]
[Source "ChessBase"]
[SourceDate "2012.06.22"]
[SourceVersion "1"]
[SourceVersionDate "2012.06.22"]
[SourceQuality "1"]

1. d4 Nf6 2. Nf3 g6 3. c4 Bg7 4. Nc3 0-0 5. Bf4 d6 6. e3 Nc6 7. h3 Nd7 8. d5 Nce5 9. Nd2 Nc5 10. Qc2 a5 11. Be2 Ned7 12. e4 e5 13. Be3 f5 14. exf5 gxf5 15. g4 f4 16. Bxc5 Nxc5 17. Bf3 Qh4 18. Nce4 Nxe4 19. Nxe4 b6 20. a4 Bd7 21. 0-0-0 Qe7 22. h4 Rac8 23. Ng5 Bf6 24. Be4 h6 25. Nh7 Rf7 26. g5 Bg7 27. g6 Rff8 28. Nxf8 Rxf8 29. f3 Qf6 30. h5 Qe7 31. b3 Qf6 32. Kb1 Kh8 33. Qf2 Ra8 34. Rd2 Kg8 35. Ra2 Qd8 36. Kc2 Ra7 37. Rha1 Qa8 38. Qe2 Kf8 39. Qd3 Ke7 40. Bf5 Qc8 41. Bxd7 Qxd7 42. Rh1 Qc8 43. Kb1 Qd7 44. Re2 Kf8 45. Re4 Kg8 46. Qf1 Kf8 47. Qh3 Qxh3 48. Rxh3 Ke7 49. Kc2 Ra8 50. Kd3 Kf6 51. Rh1 Kf5 52. Re2 Ra7 53. Rb1 Ra8 54. b4 Bf6 55. c5 axb4 56. cxb6 cxb6 57. Rxb4 Ra5 58. Rxb6 Rxd5+ 59. Kc2 Rd4 60. a5 Ra4 61. a6 e4 62. Rb5+ d5 63. Rxd5+ 1-0

[Event "Agzamov Memorial 06th"]
[Site "Tashkent"]
[Date "2012.03.12"]
[Round "7"]
[White "Temirov, Bakhyt"]
[Black "Kotsur, Pavel"]
[Result "1/2-1/2"]
[WhiteElo "2322"]
[BlackElo "2589"]
[PlyCount "137"]
[EventDate "2012.03.06"]
[EventType "swiss"]
[EventRounds "9"]
[EventCountry "UZB"]
[SourceTitle "CBM 147 Extra"]
[Source "ChessBase"]
[SourceDate "2012.04.24"]
[SourceVersion "1"]
[SourceVersionDate "2012.04.24"]
[SourceQuality "1"]

1. d4 e6 2. c4 Nf6 3. Nc3 Bb4 4. Qc2 c5 5. dxc5 Bxc5 6. Nf3 Qb6 7. e3 Qc7 8. Bd3 b6 9. 0-0 Bb7 10. b3 Be7 11. Bb2 d6 12. Ne4 Nbd7 13. Nxf6+ gxf6 14. Be4 Rc8 15. Bxb7 Qxb7 16. Qe2 Rg8 17. Ne1 f5 18. Rd1 a6 19. Qh5 Nf8 20. Ba3 Qc7 21. Nf3 Rd8 22. Rd2 Nd7 23. Bb2 Bf6 24. Nd4 Rg6 25. Rfd1 Ne5 26. Ba3 Qb7 27. g3 Ng4 28. Qxh7 Be7 29. Qh3 Nf6 30. Qg2 Ne4 31. Ne2 Qc7 32. Rd3 b5 33. cxb5 axb5 34. f3 Ng5 35. Bb4 Qc6 36. Nd4 Qb7 37. Rf1 Rc8 38. Rd2 d5 39. Bxe7 Kxe7 40. Qe2 b4 41. Rc2 Kf8 42. Rfc1 Rxc2 43. Rxc2 e5 44. Nxf5 d4 45. Qc4 Nxf3+ 46. Kf2 Ke8 47. Qc8+ Qxc8 48. Rxc8+ Kd7 49. Kxf3 Rf6 50. Rc2 Rxf5+ 51. Ke4 Rf1 52. exd4 Re1+ 53. Kd3 e4+ 54. Kc4 Kd6 55. Rf2 Rc1+ 56. Kxb4 Kd5 57. Rxf7 e3 58. Re7 Kxd4 59. a4 Kd3 60. a5 e2 61. Rd7+ Kc2 62. Re7 e1Q+ 63. Rxe1 Rxe1 64. a6 Re4+ 65. Kb5 Kxb3 66. a7 Rb4+ 67. Kc6 Ra4 68. Kb7 Rb4+ 69. Kc7 1/2-1/2

[Event "KAZ-ch qual"]
[Site "Astana"]
[Date "2012.02.29"]
[Round "9"]
[White "Tokabayev, Alibek"]
[Black "Temirov, Bakhyt"]
[Result "0-1"]
[WhiteElo "1940"]
[BlackElo "2322"]
[PlyCount "58"]
[EventDate "2012.02.21"]
[EventType "swiss"]
[EventRounds "9"]
[EventCountry "KAZ"]
[SourceTitle "EXT 2014"]
[Source "ChessBase"]
[SourceDate "2013.11.20"]
[SourceVersion "1"]
[SourceVersionDate "2013.11.20"]
[SourceQuality "1"]

1. d4 Nf6 2. c4 c5 3. d5 b5 4. cxb5 a6 5. b6 d6 6. Nc3 Qxb6 7. Nf3 Nbd7 8. e4 g6 9. Be2 Bg7 10. 0-0 0-0 11. Nd2 Qc7 12. Nc4 Nb6 13. Ne3 Rd8 14. a4 Rb8 15. Qc2 e6 16. a5 Nbd7 17. f4 Nf8 18. f5 exf5 19. exf5 Rb4 20. g4 h6 21. h3 Bb7 22. Bc4 Bc8 23. Qd3 N6d7 24. Ne4 Bd4 25. Ba2 Re8 26. Bb1 g5 27. Kh1 Bb7 28. Nc3 Nf6 29. Kh2 Qe7 0-1

[Event "Tashkent zt 3.4"]
[Site "Tashkent"]
[Date "2011.06.16"]
[Round "9"]
[White "Temirov, Bakhyt"]
[Black "Tologontegin, Semetey"]
[Result "1-0"]
[WhiteElo "2320"]
[BlackElo "2335"]
[PlyCount "61"]
[EventDate "2011.06.08"]
[EventType "swiss"]
[EventRounds "9"]
[EventCountry "UZB"]
[SourceTitle "CBM 142 Extra"]
[Source "ChessBase"]
[SourceDate "2011.06.27"]
[SourceVersion "1"]
[SourceVersionDate "2011.06.27"]
[SourceQuality "1"]

1. d4 d5 2. Nf3 Nf6 3. g3 c6 4. Bg2 Bf5 5. 0-0 e6 6. b3 Nbd7 7. c4 Be7 8. Bb2 0-0 9. Nc3 Ne4 10. Nd2 Nxc3 11. Bxc3 Qc7 12. e4 dxe4 13. Nxe4 Nf6 14. Nxf6+ Bxf6 15. Qf3 Rfd8 16. Rad1 Bg6 17. h4 h5 18. Qe3 Rd7 19. d5 Bxc3 20. dxc6 Rxd1 21. Rxd1 Ba5 22. Rd7 Qb6 23. c5 Qb5 24. Rxb7 Qa6 25. b4 Bxb4 26. Rxb4 Rc8 27. Qe5 Kh7 28. Rb8 Rxc6 29. Be4 Rc8 30. Bb7 Rxc5 31. Qxc5 1-0

[Event "Agzamov Memorial 05th"]
[Site "Tashkent"]
[Date "2011.03.19"]
[Round "2"]
[White "Kazhgaleyev, Murtas"]
[Black "Temirov, Bakhyt"]
[Result "1-0"]
[WhiteElo "2618"]
[BlackElo "2326"]
[PlyCount "64"]
[EventDate "2011.03.18"]
[EventType "swiss"]
[EventRounds "9"]
[EventCountry "UZB"]
[SourceTitle "CBM 141 Extra"]
[Source "ChessBase"]
[SourceDate "2011.05.03"]
[SourceVersion "1"]
[SourceVersionDate "2011.05.03"]
[SourceQuality "1"]

1. e4 c5 2. c3 Nf6 3. e5 Nd5 4. Nf3 Nc6 5. Bc4 Nb6 6. Bb3 d5 7. exd6 Qxd6 8. 0-0 Be6 9. Bxe6 Qxe6 10. a4 Qd7 11. a5 Nd5 12. a6 b6 13. d4 e6 14. Ne5 Nxe5 15. dxe5 Be7 16. Na3 Nc7 17. Qg4 h5 18. Qxg7 0-0-0 19. Qxf7 Rdf8 20. Qg6 Qc6 21. Qd3 Rhg8 22. f3 h4 23. Bh6 Rf5 24. Nc4 h3 25. g3 Rg6 26. Bd2 b5 27. Na3 Qxa6 28. Qe4 Nd5 29. b3 Qb6 30. c4 bxc4 31. bxc4 Qb2 32. Rfd1 Bg5 1-0

[Event "Agzamov Memorial 04th"]
[Site "Tashkent"]
[Date "2010.03.28"]
[Round "6"]
[White "Temirov, Bakhyt"]
[Black "Kotsur, Pavel"]
[Result "0-1"]
[WhiteElo "2258"]
[BlackElo "2565"]
[PlyCount "68"]
[EventDate "2010.03.23"]
[EventType "swiss"]
[EventRounds "9"]
[EventCountry "UZB"]
[SourceTitle "CBM 135 Extra"]
[Source "ChessBase"]
[SourceDate "2010.05.04"]
[SourceVersion "1"]
[SourceVersionDate "2010.05.04"]
[SourceQuality "1"]

1. d4 Nf6 2. Nf3 e6 3. g3 c5 4. Bg2 cxd4 5. Nxd4 a6 6. c4 Qc7 7. b3 Bb4+ 8. Bd2 Bc5 9. e3 Nc6 10. Bc3 Rb8 11. 0-0 Be7 12. Nd2 0-0 13. Ne4 Ne8 14. Qh5 f5 15. Nxc6 bxc6 16. Ng5 h6 17. Nf3 Bf6 18. Bxf6 Nxf6 19. Qh4 c5 20. h3 Bb7 21. g4 Nh7 22. Rad1 d6 23. Rd2 fxg4 24. Qxg4 Rf5 25. Nh4 Nf6 26. Qd1 Rh5 27. Bxb7 Qxb7 28. Ng2 d5 29. cxd5 exd5 30. Rc2 Rxh3 31. Rxc5 Qd7 32. Nf4 Rh4 33. Ng2 Rh5 34. f4 Qh3 0-1

[Event "Agzamov Memorial 04th"]
[Site "Tashkent"]
[Date "2010.03.27"]
[Round "5"]
[White "Ibrayev, Nurlan"]
[Black "Temirov, Bakhyt"]
[Result "0-1"]
[WhiteElo "2405"]
[BlackElo "2258"]
[PlyCount "86"]
[EventDate "2010.03.23"]
[EventType "swiss"]
[EventRounds "9"]
[EventCountry "UZB"]
[SourceTitle "CBM 135 Extra"]
[Source "ChessBase"]
[SourceDate "2010.05.04"]
[SourceVersion "1"]
[SourceVersionDate "2010.05.04"]
[SourceQuality "1"]

1. d4 Nf6 2. c4 g6 3. g3 Bg7 4. Bg2 0-0 5. e4 d6 6. Ne2 c5 7. d5 b5 8. cxb5 a6 9. bxa6 Bxa6 10. 0-0 Nbd7 11. f4 Qa5 12. h3 Rfb8 13. Rf2 Ne8 14. Nbc3 Ra7 15. Kh2 Nc7 16. a4 Bc4 17. Ra3 Rab7 18. e5 Rb3 19. Rxb3 Bxb3 20. Qd3 Qa7 21. Be3 Nb6 22. h4 Nxa4 23. Nxa4 Qxa4 24. Nc3 Qa6 25. Qd2 Rd8 26. h5 Ne8 27. hxg6 hxg6 28. e6 f5 29. Bf3 Bxc3 30. Qxc3 Qb7 31. Rd2 Nf6 32. Bxc5 dxc5 33. d6 Qb4 34. Qe3 Rxd6 35. Rxd6 exd6 36. e7 Qb8 37. g4 Bf7 38. gxf5 Qxb2+ 39. Kh3 Qd4 40. Qxd4 cxd4 41. fxg6 Bxg6 42. Kh4 Kf7 43. Kg5 Be4 0-1

[Event "Agzamov Memorial 04th"]
[Site "Tashkent"]
[Date "2010.03.24"]
[Round "2"]
[White "Temirov, Bakhyt"]
[Black "Filippov, Anton"]
[Result "1/2-1/2"]
[WhiteElo "2258"]
[BlackElo "2598"]
[PlyCount "71"]
[EventDate "2010.03.23"]
[EventType "swiss"]
[EventRounds "9"]
[EventCountry "UZB"]
[SourceTitle "CBM 135 Extra"]
[Source "ChessBase"]
[SourceDate "2010.05.04"]
[SourceVersion "1"]
[SourceVersionDate "2010.05.04"]
[SourceQuality "1"]

1. d4 Nf6 2. c4 e6 3. Nc3 Bb4 4. Qc2 0-0 5. e3 b6 6. Bd3 c5 7. a3 Bxc3+ 8. Qxc3 Bb7 9. Nf3 d6 10. 0-0 Nbd7 11. b3 b5 12. cxb5 Bxf3 13. gxf3 Nd5 14. Qb2 Qh4 15. dxc5 Nxc5 16. Bc4 Qh3 17. Be2 f5 18. Kh1 Rf6 19. Rg1 Nd3 20. Rg3 Qxg3 21. hxg3 Nxb2 22. Bxb2 Rff8 23. Bc4 Nc7 24. a4 Rfb8 25. Rc1 Rb7 26. Ba3 Rd8 27. Rd1 d5 28. e4 Kf7 29. exf5 exf5 30. Kg2 h5 31. f4 g6 32. Bb2 Rbb8 33. Be2 Ne6 34. Bf3 Rd7 35. Rxd5 Rxd5 36. Bxd5 1/2-1/2

[Event "Saratov-A"]
[Site "Saratov"]
[Date "2009.08.15"]
[Round "9"]
[White "Sharafiev, Azat"]
[Black "Temirov, Bakhyt"]
[Result "1-0"]
[WhiteElo "2425"]
[BlackElo "2243"]
[PlyCount "59"]
[EventDate "2009.08.10"]
[EventType "tourn"]
[EventRounds "13"]
[EventCountry "RUS"]
[EventCategory "4"]
[SourceTitle "CBM 132 Extra"]
[Source "ChessBase"]
[SourceDate "2009.11.03"]
[SourceVersion "1"]
[SourceVersionDate "2009.11.03"]
[SourceQuality "1"]

1. d4 Nf6 2. c4 c5 3. d5 b5 4. a4 bxc4 5. Nc3 d6 6. e4 g6 7. Bxc4 Bg7 8. f4 0-0 9. Nf3 Ba6 10. Nd2 Qc8 11. 0-0 Ng4 12. Bxa6 Bd4+ 13. Kh1 Nxa6 14. Qe2 Ne3 15. Rf3 Nc2 16. Rb1 Bg7 17. Rh3 Nd4 18. Qf2 Qd8 19. Qh4 h6 20. Nf3 Nxf3 21. Rxf3 e6 22. Qg4 exd5 23. Nxd5 Qa5 24. Be3 Qxa4 25. f5 Rae8 26. f6 Qxe4 27. Qxe4 Rxe4 28. fxg7 Kxg7 29. Bd2 f5 30. Ra1 1-0

[Event "Saratov-A"]
[Site "Saratov"]
[Date "2009.08.15"]
[Round "8"]
[White "Temirov, Bakhyt"]
[Black "Shukh, Nikolai"]
[Result "0-1"]
[WhiteElo "2243"]
[BlackElo "2403"]
[PlyCount "80"]
[EventDate "2009.08.10"]
[EventType "tourn"]
[EventRounds "13"]
[EventCountry "RUS"]
[EventCategory "4"]
[SourceTitle "CBM 132 Extra"]
[Source "ChessBase"]
[SourceDate "2009.11.03"]
[SourceVersion "1"]
[SourceVersionDate "2009.11.03"]
[SourceQuality "1"]

1. b3 d5 2. Bb2 Nf6 3. e3 Bf5 4. Nf3 e6 5. Be2 Nbd7 6. h3 h6 7. d3 Bd6 8. Nbd2 c6 9. 0-0 Qe7 10. c4 0-0 11. a3 e5 12. Re1 Bh7 13. b4 e4 14. dxe4 dxe4 15. Nd4 c5 16. Nb5 Bb8 17. Qb3 a6 18. Nc3 Bd6 19. b5 Rfd8 20. Rad1 Qe6 21. Nd5 Ne5 22. Nf1 axb5 23. Qxb5 Nxd5 24. Rxd5 Nd3 25. Rd1 Bf5 26. Bxd3 exd3 27. f3 Qg6 28. Kf2 Bd7 29. Qb3 Ba4 30. Qxd3 Bxd1 31. Qxd1 Be7 32. e4 Qb6 33. Qc2 Rxd5 34. exd5 Bf6 35. Bc1 Bd4+ 36. Kg3 Qd6+ 37. f4 Re8 38. Kf3 Qe7 39. Ng3 Qe1 40. Nf5 Qf1+ 0-1

[Event "Saratov-A"]
[Site "Saratov"]
[Date "2009.08.13"]
[Round "6"]
[White "Simantsev, Mikhail"]
[Black "Temirov, Bakhyt"]
[Result "1/2-1/2"]
[WhiteElo "2527"]
[BlackElo "2243"]
[PlyCount "22"]
[EventDate "2009.08.10"]
[EventType "tourn"]
[EventRounds "13"]
[EventCountry "RUS"]
[EventCategory "4"]
[SourceTitle "CBM 132 Extra"]
[Source "ChessBase"]
[SourceDate "2009.11.03"]
[SourceVersion "1"]
[SourceVersionDate "2009.11.03"]
[SourceQuality "1"]

1. d4 Nf6 2. c4 e6 3. Nc3 d5 4. Nf3 c6 5. e3 Nbd7 6. Qc2 Bd6 7. Be2 0-0 8. 0-0 dxc4 9. Bxc4 e5 10. Rd1 Qe7 11. a3 exd4 1/2-1/2

[Event "KAZ-ch U18"]
[Site "Pavlodar"]
[Date "2008.03.26"]
[Round "7"]
[White "Temirov, Bakhyt"]
[Black "Aitbayev, Aslan"]
[Result "0-1"]
[WhiteElo "2282"]
[BlackElo "2242"]
[PlyCount "50"]
[EventDate "2008.03.20"]
[EventType "swiss"]
[EventRounds "9"]
[EventCountry "KAZ"]
[SourceTitle "EXT 2022"]
[Source "ChessBase"]
[SourceDate "2021.10.06"]
[SourceVersion "1"]
[SourceVersionDate "2021.10.06"]
[SourceQuality "1"]

1. d4 d5 2. c4 c6 3. Nf3 Nf6 4. Nc3 e6 5. Bg5 Nbd7 6. cxd5 exd5 7. e3 Be7 8. Bd3 Nh5 9. Bxe7 Qxe7 10. 0-0 0-0 11. Qc2 h6 12. Rae1 Nb6 13. e4 dxe4 14. Nxe4 Nf4 15. Neg5 Qd6 16. Bh7+ Kh8 17. Nxf7+ Rxf7 18. Re8+ Rf8 19. Ne5 Be6 20. Rxa8 Rxa8 21. Re1 Nd7 22. g3 Nxe5 23. dxe5 Nh3+ 24. Kg2 Qb4 25. Re4 Qb6 0-1

[Event "KAZ-ch U18"]
[Site "Pavlodar"]
[Date "2008.03.22"]
[Round "3"]
[White "Temirov, Bakhyt"]
[Black "Kassimov, Baurzhan"]
[Result "0-1"]
[WhiteElo "2282"]
[BlackElo "2225"]
[PlyCount "74"]
[EventDate "2008.03.20"]
[EventType "swiss"]
[EventRounds "9"]
[EventCountry "KAZ"]
[SourceTitle "EXT 2022"]
[Source "ChessBase"]
[SourceDate "2021.10.06"]
[SourceVersion "1"]
[SourceVersionDate "2021.10.06"]
[SourceQuality "1"]

1. d4 Nf6 2. c4 g6 3. Nc3 Bg7 4. e4 d6 5. Nf3 0-0 6. Be2 Bg4 7. 0-0 Nbd7 8. Be3 c5 9. d5 Nb8 10. Ne1 Bxe2 11. Qxe2 Na6 12. Rc1 Nc7 13. b3 Nd7 14. Nd3 Rb8 15. Qd2 a6 16. Bh6 b5 17. Bxg7 Kxg7 18. Rfe1 e5 19. dxe6 Nxe6 20. Nd5 Nb6 21. Nxb6 Rxb6 22. Nf4 Nxf4 23. Qxf4 Qf6 24. Qe3 Re8 25. cxb5 axb5 26. b4 Rc6 27. f4 c4 28. e5 dxe5 29. fxe5 Qe7 30. a4 Qxb4 31. Qd4 Ree6 32. axb5 Qxb5 33. Rc3 Qc5 34. Qxc5 Rxc5 35. Re4 Rec6 36. Kf2 Kf8 37. Kf3 Ke7 0-1

[Event "Pavlodar op"]
[Site "Pavlodar"]
[Date "2007.12.23"]
[Round "10"]
[White "Temirov, Bakhyt"]
[Black "Egorov, Evgeni"]
[Result "0-1"]
[WhiteElo "2282"]
[BlackElo "2376"]
[PlyCount "107"]
[EventDate "2007.12.16"]
[EventType "swiss"]
[EventRounds "11"]
[EventCountry "KAZ"]
[SourceTitle "CBM 122 Extra"]
[Source "ChessBase"]
[SourceDate "2008.03.04"]
[SourceVersion "1"]
[SourceVersionDate "2008.03.04"]
[SourceQuality "1"]

1. d4 d5 2. c4 dxc4 3. Nf3 Nf6 4. Nc3 a6 5. a4 Nc6 6. e3 Bg4 7. Bxc4 e6 8. 0-0 Bd6 9. h3 Bh5 10. Be2 0-0 11. Nd2 Bxe2 12. Qxe2 e5 13. d5 Nb4 14. e4 Nc2 15. Rb1 Nd4 16. Qd3 Nd7 17. Nf3 c5 18. dxc6 Nc5 19. Qd1 bxc6 20. Be3 Nce6 21. Kh1 Qf6 22. Nh2 Rfd8 23. Qd3 Nc5 24. Qd1 Qg6 25. Re1 Nce6 26. Qd3 a5 27. Red1 Rab8 28. f3 h5 29. Nf1 Qf6 30. Nd2 Bb4 31. Qf1 Nc2 32. Bf2 Nf4 33. Nc4 Qe6 34. Rbc1 Nd4 35. Bxd4 exd4 36. Ne2 Nxe2 37. Qxe2 Be7 38. Nxa5 c5 39. Nc4 Bg5 40. Rc2 Bf4 41. Qd3 Qg6 42. g4 Qf6 43. Kg2 Qh4 44. Rh1 Qg3+ 45. Kf1 Be3 46. Qd1 d3 47. Rg2 Qf4 48. gxh5 d2 49. Rg4 Qh6 50. Kg2 Bd4 51. Qc2 Bxb2 52. Rd1 Bd4 53. Rxd2 Rb4 54. a5 0-1

[Event "Pavlodar op"]
[Site "Pavlodar"]
[Date "2007.12.21"]
[Round "8"]
[White "Ibrayev, Nurlan"]
[Black "Temirov, Bakhyt"]
[Result "1/2-1/2"]
[WhiteElo "2468"]
[BlackElo "2282"]
[PlyCount "45"]
[EventDate "2007.12.16"]
[EventType "swiss"]
[EventRounds "11"]
[EventCountry "KAZ"]
[SourceTitle "CBM 122 Extra"]
[Source "ChessBase"]
[SourceDate "2008.03.04"]
[SourceVersion "1"]
[SourceVersionDate "2008.03.04"]
[SourceQuality "1"]

1. e4 c5 2. Nf3 Nc6 3. d4 cxd4 4. Nxd4 Nf6 5. Nc3 e5 6. Ndb5 d6 7. Bg5 a6 8. Na3 b5 9. Bxf6 gxf6 10. Nd5 f5 11. Bd3 f4 12. c4 b4 13. Nc2 Rb8 14. a3 b3 15. Ncb4 Nd4 16. Nc3 Rg8 17. g3 Bg4 18. Be2 Bxe2 19. Nxe2 Nf3+ 20. Kf1 Qc8 21. Nxf4 Qxc4+ 22. Ne2 Qxe4 23. Nc3 1/2-1/2

[Event "Pavlodar op"]
[Site "Pavlodar"]
[Date "2007.12.17"]
[Round "2"]
[White "Seralin, Berik"]
[Black "Temirov, Bakhyt"]
[Result "0-1"]
[WhiteElo "2125"]
[BlackElo "2282"]
[PlyCount "62"]
[EventDate "2007.12.16"]
[EventType "swiss"]
[EventRounds "11"]
[EventCountry "KAZ"]
[SourceTitle "CBM 122 Extra"]
[Source "ChessBase"]
[SourceDate "2008.03.04"]
[SourceVersion "1"]
[SourceVersionDate "2008.03.04"]
[SourceQuality "1"]

1. d4 Nf6 2. c4 c5 3. d5 b5 4. cxb5 a6 5. b6 Qxb6 6. Nc3 d6 7. g3 g6 8. Bg2 Bg7 9. Nf3 0-0 10. 0-0 a5 11. Re1 Nbd7 12. Qc2 Ba6 13. h3 Rfb8 14. Rb1 Ne8 15. e4 Qd8 16. Bf4 c4 17. e5 Nc5 18. Nd4 Nd3 19. Re4 dxe5 20. Nc6 Qc7 21. Nxb8 Rxb8 22. Bd2 Nd6 23. Re2 f5 24. b3 cxb3 25. Rxb3 Nb4 26. Qb1 Bd3 27. Qc1 a4 28. Ra3 e4 29. Rxa4 Bxe2 30. Nxe2 Qxc1+ 31. Nxc1 Nxd5 0-1

[Event "Asia-ch U18"]
[Site "Tashkent"]
[Date "2007.07.02"]
[Round "5"]
[White "Toufighi, Homayoon"]
[Black "Temirov, Bakhyt"]
[Result "1-0"]
[WhiteElo "2365"]
[BlackElo "2282"]
[PlyCount "61"]
[EventDate "2007.06.28"]
[EventType "swiss"]
[EventRounds "9"]
[EventCountry "UZB"]
[SourceTitle "CBM 119 Extra"]
[Source "ChessBase"]
[SourceDate "2007.09.04"]
[SourceVersion "1"]
[SourceVersionDate "2007.09.04"]
[SourceQuality "1"]

1. e4 c5 2. Nf3 Nc6 3. Bb5 e5 4. 0-0 Nge7 5. c3 g6 6. d4 cxd4 7. cxd4 exd4 8. Bf4 Bg7 9. Bd6 0-0 10. Nbd2 b6 11. Re1 Bb7 12. Qb3 Na5 13. Qa3 Re8 14. Rac1 Bc6 15. Ba6 Nc8 16. Bg3 Bb7 17. Bxb7 Nxb7 18. Nb3 Bf8 19. Qa4 Nc5 20. Qxd4 Nxb3 21. axb3 b5 22. Bc7 Qe7 23. e5 Nb6 24. Bd6 Qe6 25. Bxf8 Rxf8 26. Ng5 Qf5 27. Qh4 h5 28. Ne4 Rac8 29. Rcd1 Rc2 30. h3 Rfc8 31. Nd6 1-0

[Event "Asia-ch U18"]
[Site "Tashkent"]
[Date "2007.06.29"]
[Round "2"]
[White "Kasyan, Aleksandr"]
[Black "Temirov, Bakhyt"]
[Result "1-0"]
[WhiteElo "2267"]
[BlackElo "2282"]
[PlyCount "84"]
[EventDate "2007.06.28"]
[EventType "swiss"]
[EventRounds "9"]
[EventCountry "UZB"]
[SourceTitle "CBM 119 Extra"]
[Source "ChessBase"]
[SourceDate "2007.09.04"]
[SourceVersion "1"]
[SourceVersionDate "2007.09.04"]
[SourceQuality "1"]

1. d4 Nf6 2. c4 c5 3. d5 b5 4. Nf3 d6 5. cxb5 a6 6. e3 g6 7. Nc3 Bg7 8. Be2 0-0 9. 0-0 axb5 10. Bxb5 Ba6 11. Bxa6 Nxa6 12. e4 Qc7 13. Qe2 Rfb8 14. h3 Rb4 15. Re1 Qb7 16. Nd2 Nc7 17. a3 Rb6 18. Nc4 Rba6 19. Rb1 Nb5 20. Nxb5 Qxb5 21. Qc2 Nd7 22. b3 Ne5 23. a4 Qd7 24. Ne3 Qb7 25. Bb2 Rb6 26. Bxe5 dxe5 27. Qxc5 Rc8 28. Qa3 Rc3 29. a5 Rbxb3 30. Rxb3 Rxb3 31. Qa4 Rb4 32. Qe8+ Bf8 33. Ng4 Rb1 34. Nh6+ Kg7 35. Qxf7+ Kxh6 36. Qxf8+ Kh5 37. Qf3+ Kh6 38. Qe3+ Kg7 39. Rxb1 Qxb1+ 40. Kh2 Qa2 41. Qc5 Kf7 42. d6 Qe2 1-0